000 00769nam a2200253 a 4500
008
020 _a0697078922 (cased)
049 _aMAIN
090 _aQM23.2
_bVAN
100 _aVan de Graaff, Kent M.
245 _aHuman anatomy /
_cby Kent M. Van de Graaff.
250 _a3rd ed.
260 _aDubuque, Ia. :
_bWm. C. Brown,
_c1992.
300 _axvii, 805 p. :
_bill. (some col.) ;
_c29 cm.
440 _aPrefixes and suffixes of anatomical and medical terminology.
500 _aIncludes index.
504 _aIncludes bibliographical references.
650 _aHuman anatomy.
907 _a.b10091452
_b16-08-10
_c17-11-03
003
005 20230123133522.0
040 _cNUST
942 _cBOOKS
_kQM23.2
_mVAN
999 _c149991
_d149991